000 00648nam a2200241 i 4500
001 bgj
245 1 0 _aErmutigung /
_causgewählt von Rainer Weiss.
246 1 0 _aLektüre zwischen den Jahren.
260 _aFrankfurt am Main :
_bSuhrkamp Verlag,
_c1994
300 _a159, [1] s. ;
_c15 cm.
490 1 _aLektüre zwischen den Jahren
650 9 _aLiteratura niemiecka
700 1 _aWEISS, Rainer.
830 _aLektüre zwischen den Jahren
020 _a3518406000
040 _cBPK
041 0 _ager
044 _aDEU
080 _a821.112.2
920 _a3-518-40600-0
942 _cKS
008 s gw f |000 0 ger
999 _c50574
_d50574
856 _uhttp://koha.tu.koszalin.pl/cgi-bin/koha/opac-detail.pl?biblionumber=50574
_yKatalog online BPK